书目信息 |
| 题名: |
一千零一夜
|
|
| 作者: | 《少年成长必读中外名著丛书》编委会 编 | |
| 分册: | ||
| 出版信息: | 延吉 延边大学出版社 2006.01 |
|
| 页数: | 151页 | |
| 开本: | 19cm | |
| 丛书名: | 少年成长必读中外名著丛书 | |
| 单 册: | ||
| 中图分类: | I371.73 | |
| 科图分类: | ||
| 主题词: | 民间故事--阿拉伯半岛地区--缩写本--作品集 | |
| 电子资源: | ||
| ISBN: | 7-5634-2118-1 | |
| 000 | 00958nam0 2200253 450 | |
| 001 | 400390 | |
| 005 | 20070604085632.16 | |
| 010 | @a7-5634-2118-1@dCNY19.80 | |
| 100 | @a20051109d2006 ekmy0 y0120 ea | |
| 101 | 1 | @achi |
| 102 | @aCN@b220000 | |
| 105 | @ay z 000yy | |
| 200 | 1 | @a一千零一夜@AYi Qian Ling Yi Ye@f《少年成长必读中外名著丛书》编委会编@F《 Shao Nian Cheng Chang Bi Dou Zhong Wai Ming Zhu Cong Shu》 Bian Wei Hui Bian |
| 210 | @a延吉@c延边大学出版社@d2006.01 | |
| 215 | @a151页@d19cm | |
| 225 | 2 | @a少年成长必读中外名著丛书 |
| 330 | @a本书系少年成长必读中外名著丛书之人物传奇篇的《一千零一夜》。 | |
| 410 | 0 | @12001 @a少年成长必读中外名著丛书 |
| 606 | 0 | @a民间故事@y阿拉伯半岛地区@j缩写本@j作品集 |
| 690 | @aI371.73@v4 | |
| 701 | 0 | @a《少年成长必读中外名著丛书》编委会@A《 Shao Nian Cheng Chang Bi Dou Zhong Wai Ming Zhu Cong Shu》 Bian Wei Hui@4编 |
| 801 | 0 | @aCN@c20070604 |
| 905 | @aBZT@dI371.73@e1 | |
| 906 | @dCNY19.80@n0@r1 | |
| 一千零一夜/《少年成长必读中外名著丛书》编委会编.-延吉:延边大学出版社,2006.01 |
| 151页;19cm.-(少年成长必读中外名著丛书) |
| ISBN 7-5634-2118-1:CNY19.80 |
| 本书系少年成长必读中外名著丛书之人物传奇篇的《一千零一夜》。 |
| ● |
| 相关链接 |
|
|
|
正题名:一千零一夜
索取号:I371.73/1
 
预约/预借
| 序号 | 登录号 | 条形码 | 馆藏地/架位号 | 状态 | 备注 |
| 1 | 538289 | 230113067 | 中心书库中库/打包BH0268/ [索取号:I371.73/1] | 在馆 | |
| 2 | 538290 | 230113066 | 中心书库中库/打包BH0268/ [索取号:I371.73/1] | 在馆 | |
| 3 | 538292 | 230113064 | 中心书库中库/打包BH0268/ [索取号:I371.73/1] | 在馆 | |
| 4 | 538293 | 230113063 | 中心书库中库/打包BH0268/ [索取号:I371.73/1] | 在馆 | |
| 5 | 538294 | 230113062 | 中心书库中库/打包BH0268/ [索取号:I371.73/1] | 在馆 | |
| 6 | 538295 | 230113061 | 中心书库中库/打包BH0268/ [索取号:I371.73/1] | 在馆 | |
| 7 | 538296 | 230113060 | 中心书库中库/打包BH0268/ [索取号:I371.73/1] | 在馆 | |
| 8 | 538297 | 230113059 | 中心书库中库/打包BH0268/ [索取号:I371.73/1] | 在馆 | |
| 9 | 538298 | 230113058 | 中心书库中库/打包BH0268/ [索取号:I371.73/1] | 在馆 |